MARC details
| 000 -LÍDER |
| campo de controle de tamanho fixo |
02113nam a2200373 4500 |
| 001 - NÚMERO DE CONTROLE |
| campo de controle |
66 |
| 003 - IDENTIFICADOR DO NÚMERO DE CONTROLE |
| campo de controle |
OSt |
| 005 - DATA E HORÁRIO DA ÚLTIMA TRANSAÇÃO |
| campo de controle |
20250528074010.0 |
| 008 - CAMPO DE DADOS FIXOS--INFORMAÇÃO GERAL |
| campo de controle de tamanho fixo |
250123b |||||||j |||| 00| 1 eng d |
| 040 ## - FONTE DA CATALOGAÇÃO |
| Idioma da catalogação |
por |
| 041 ## - CÓDIGO DE IDIOMA |
| Código do idioma do original e/ou traduções intermediárias do texto |
eng |
| Código do idioma do texto/trilha sonora ou título diferente |
por |
| 082 ## - CDD - CLASSIFICAÇÃO DECIMAL DE DEWEY |
| Número de Classificação |
813 |
| Número do exemplar |
B811b |
| 100 1# - ENTRADA PRINCIPAL--NOME PESSOAL |
| Nome pessoal |
Bradley, Marion Zimmer, |
| Datas associadas ao nome |
1930-1999 |
| 9 (RLIN) |
169 |
| 240 ## - TÍTULO UNIFORME |
| Título uniforme |
The Mists of Avalon |
| 245 ## - TÍTULO |
| Título |
As brumas de Avalon: |
| Restante do título |
O Gamo-Rei / |
| Indicação de responsabilidade, etc. |
Bradley, Marion Zimmer ; Tradução de Waltensir Dutra |
| 250 ## - EDIÇÃO |
| Declaração de edição |
12° edição |
| 260 ## - PUBLICAÇÃO, DISTRIBUIÇÃO, ETC. |
| Local de publicação, distribuição, etc. |
Rio de Janeiro |
| Nome do editor, distribuidor, etc. |
Imago |
| Data da publicação, distribuição, etc. |
1985 |
| 300 ## - DESCRIÇÃO FÍSICA |
| Extensão |
246 p. |
| 490 1# - TÍTULO DA SÉRIE |
| Título da série |
As Brumas de Avalon |
| Número do volume ou designação sequencial da série |
livro 03 |
| 500 ## - NOTA GERAL |
| Nota geral |
O Gamo-Rei<br/><br/>Sequência de: A grande rainha |
| 520 ## - NOTA DE RESUMO, ETC. |
| Resumo, etc. |
O terceiro livro da série Mists of Avalon envolve a releitura imaginativa da lenda arturiana, centrada nas sacerdotisas pagãs de Avalon, que competem pela alma da Grã-Bretanha contra a maré crescente do cristianismo.<br/>"The King Stag" leva o ouvinte mais profundamente na rivalidade política/religiosa nos anos seguintes à coroação de Arthur. Gwenhwyfar, de posse de um segredo terrível, manipula seu marido para garantir sua lealdade à igreja cristã, enquanto a decisão de Vivian de confrontar Arthur sobre sua traição a Avalon resulta em tragédia.<br/>Nos bastidores, Morgana arranja o casamento de Lancelote, que ficou desesperado com o triângulo sem esperança em Camelot. Quando Gwenhwyfar ouve sobre seu casamento, ela jura vingança. Por meio de seu próprio casamento com Uriens de North Wales, Morgana trabalha para fortalecer a causa de Avalon. Ela retorna brevemente à Ilha das Brumas, apenas para descobrir que o tempo ainda não está maduro para ela reinar. O Livro Três conclui com a chegada do jovem Gwydion (Mordred) em cena. |
| 650 #0 - ASSUNTO--TERMO TÓPICO |
| Cabeçalho tópico ou nome geográfico |
Literatura Americana |
| 9 (RLIN) |
84 |
| 650 #0 - ASSUNTO--TERMO TÓPICO |
| Cabeçalho tópico ou nome geográfico |
Medieval |
| 9 (RLIN) |
170 |
| 650 #0 - ASSUNTO--TERMO TÓPICO |
| Cabeçalho tópico ou nome geográfico |
Fantasia |
| 9 (RLIN) |
45 |
| 650 #0 - ASSUNTO--TERMO TÓPICO |
| Cabeçalho tópico ou nome geográfico |
Seres mágicos |
| 9 (RLIN) |
46 |
| 650 #0 - ASSUNTO--TERMO TÓPICO |
| Cabeçalho tópico ou nome geográfico |
Aventura |
| 9 (RLIN) |
47 |
| 650 #0 - ASSUNTO--TERMO TÓPICO |
| Cabeçalho tópico ou nome geográfico |
Mitologia |
| 9 (RLIN) |
128 |
| 650 #0 - ASSUNTO--TERMO TÓPICO |
| Cabeçalho tópico ou nome geográfico |
Filme |
| 9 (RLIN) |
26 |
| 655 #0 - TERMO DE ÍNDICE--GÊNERO E FORMA |
| Gênero/forma/ou termo foco |
Romance |
| 655 #0 - TERMO DE ÍNDICE--GÊNERO E FORMA |
| Gênero/forma/ou termo foco |
Ficção |
| 700 ## - ENTRADA ADICIONADA - NOME PESSOAL |
| Nome pessoal |
Waltensir Dutra |
| Função do autor por extenso |
Tradutor |
| 9 (RLIN) |
171 |
| 830 ## - ENTRADA SECUNDÁRIA DE SÉRIE--TÍTULO UNIFORME |
| Título uniforme |
As Brumas de Avalon |
| Número do volume ou designação sequencial da série |
Livro 03 |
| 9 (RLIN) |
172 |
| 942 ## - ELEMENTOS DE ENTRADA ADICIONADOS (KOHA) |
| Fonte de classificação ou esquema de arquivamento |
Classificação decimal de Dewey |
| Ocultar no OPAC |
Não |
| Tipo de material Koha |
Livros |